000 00684nam a2200193 a 4500
003 0
005 20250221112912.0
008 111115s19uu xx 00 eng d
050 _aPGS GV 706.4
_b.K49 2011
100 _aKim, Yeon Woo.
245 _aSports involvement and sports trainings of selected students-athletes of SISC /
_cYeon Woo Kim.
260 _aLas PiƱas City, Philippines :
_bSouthville International School and Colleges,
_c2011.
300 _a25 pages :
_billustrations ;
_c28 cm.
504 _aIncludes bibliographical references.
650 _aSports
_vtraining.
650 _aStudent
_vathletes.
650 _aAthletic ability
_vTraining.
942 _2lcc
_cPASS
999 _c98650
_d98650